| 000 | 00755cam a22002291 4500 | ||
|---|---|---|---|
| 001 | ne 65000556 | ||
| 003 | DLC | ||
| 005 | 20260227111811.0 | ||
| 008 | 840111s1963 ua 000 0 arar | ||
| 010 | _ane 65000556 | ||
| 035 | _a(OCoLC)10288111 | ||
| 040 |
_aDLC _cTxU _dDLC |
||
| 042 | _apremarc | ||
| 050 | 0 | 0 |
_aHF5549 _b.U2 |
| 100 | 1 | _aʻUbayd, ʻĀṭif Muḥammad. | |
| 245 | 1 | 0 |
_aIdārat al-afrād min al-nāḥiyah al-taṭbīqīyah, / _ctaʼlīf ʻĀṭif Muḥammad ʻUbayd. |
| 260 |
_a[al-Qāhirah, _bDār al-Nahḍah al-ʻArabīyah, al-Taqdīm _c1963] |
||
| 300 |
_a611 p. ; _c24 cm. |
||
| 500 | _aAt head of title: Dirāsāt ʻamalīyah fī idārat al-aʻmāl. | ||
| 504 | _aIncludes bibliographies. | ||
| 650 | 0 | _aPersonnel management. | |
| 999 |
_c47980 _d47980 |
||